[Event "RUS-ch"]
[Site "Elista"]
[Date "1996.??.??"]
[Round "4"]
[White "Galkin, Alexander"]
[Black "Dvoirys, Semen I"]
[Result "0-1"]
[WhiteElo "2425"]
[BlackElo "2570"]
[Annotator "Gutman,L"]
[PlyCount "134"]
[EventDate "1996.10.15"]
[EventType "swiss"]
[EventRounds "11"]
[EventCountry "RUS"]
[SourceTitle "CBM 056"]
[Source "ChessBase"]
[SourceDate "1997.02.01"]
[SourceVersion "1"]
[SourceVersionDate "1997.02.01"]
[SourceQuality "1"]

1. e4 c5 2. Nf3 d6 3. d4 cxd4 4. Nxd4 Nf6 5. Nc3 a6 6. Be2 e5 7. Nb3 Be7 8. O-O
Be6 9. f4 Qc7 10. Kh1 Nbd7 11. f5 Bc4 12. a4 O-O 13. a5 Rfc8 14. Bxc4 (14. Bg5
{wird mit} d5 $1 15. exd5 Bxb3 16. cxb3 Bb4 {beantwortet.}) 14... Qxc4 15. Ra4
(15. Qf3 d5 $1 16. exd5 e4 $1 17. Qd1 Qc7 18. Bf4 Bd6 {mit gutem Speil für
Schwarz, Pacl -Vokac,Sumperk 1984.}) 15... Qc6 16. Qd3 {Laut J. Nunn "Naidorf
for Tournament Player" mit etwas besseren Aussichten für Weiß.} Bd8 17. Be3 b5
18. axb6 Bxb6 19. Bg5 (19. Bxb6 $142 Qxb6 20. Ra2 Rc6 21. Qe2 {mit druckvollem
Spiel für Weiß.}) 19... Bd8 ({Aktives Gegenspiel versprach .} 19... h6 $1 20.
Bxf6 Nxf6 21. Rxa6 Rxa6 22. Qxa6 Bd4 $1) 20. Be3 (20. Bxf6 Nxf6 21. Rfa1 {
ist vorteilhaft für Weiß.}) 20... Nb6 21. Na5 (21. Rxa6 Rxa6 22. Qxa6 Ra8 23.
Qd3 Na4 $1 24. Nxa4 Rxa4 {und Schwarz gewinnt den geopferten Bauern zurück.})
21... Qd7 22. Rb4 {22.Raa1 hätte Schwarz größere Probleme bereitet.} Na4 23.
Nxa4 (23. Rxa4 Rxc3 $1) 23... Bxa5 24. Nb6 Bxb6 25. Rxb6 Rc6 (25... d5 26. Rxf6
$1 gxf6 27. Bh6 Kh8 28. Qg3 Rg8 29. Qh4 Qd6 30. exd5 {mit weißer Initiative.})
26. Rd1 h6 (26... Rxb6 $142 27. Bxb6 h6 28. Qxd6 Qb7 {mit aktivem Spiel für
Schwarz.}) 27. Rb4 Qc7 28. c4 a5 29. Ra4 Qb7 30. Rd2 {30.Bg1!? macht einem
besseren Eindruck.} Rc7 31. Re2 Qxe4 32. Qxe4 Nxe4 33. Bd2 d5 (33... Nxd2 34.
Rxd2 Rb8 {mit schwarzem Vorteil}) 34. Bxa5 (34. Be1 $142 {mit Ausgleich.})
34... Rca7 35. Rxe4 dxe4 36. b4 e3 {Schwarz hat eine Gewinnstellung erreicht.}
37. Kg1 Rd7 38. Kf1 Rd2 39. c5 Rc2 40. Ra3 e2+ 41. Ke1 Ra7 42. Re3 f6 43. Rxe2
Rc1+ 44. Kf2 Kf7 45. Rd2 Ke7 46. Bd8+ Ke8 47. Bb6 Ra3 48. Ke2 Rb3 49. Ba5 e4
50. Rd8+ Ke7 51. Rd6 Rc2+ 52. Kd1 Rxg2 53. Kc1 Rc3+ 54. Kb1 Rf3 55. Rd1 Rb3+
56. Ka1 e3 57. c6 Rc2 58. c7 e2 59. Rg1 Kf7 60. Re1 Rd3 61. Kb1 Rdd2 62. b5
Rb2+ 63. Ka1 Ra2+ 64. Kb1 Rdb2+ 65. Kc1 Rc2+ 66. Kb1 Rab2+ 67. Ka1 Rxb5 0-1

[Event "EU-chT (Men) 11th"]
[Site "Pula"]
[Date "1997.05.??"]
[Round "1.4"]
[White "Renet, Olivier"]
[Black "Lutz, Christopher"]
[Result "1/2-1/2"]
[WhiteElo "2505"]
[BlackElo "2555"]
[Annotator "Gutman,L"]
[PlyCount "61"]
[EventDate "1997.05.05"]
[EventType "team-swiss"]
[EventRounds "9"]
[EventCountry "CRO"]
[SourceTitle "CBM 057 Extra"]
[Source "ChessBase"]
[SourceDate "1997.05.01"]
[SourceVersion "1"]
[SourceVersionDate "1997.05.01"]
[SourceQuality "1"]
[WhiteTeam "France"]
[BlackTeam "Germany"]
[WhiteTeamCountry "FRA"]
[BlackTeamCountry "GER"]

1. e4 c5 2. Nf3 d6 3. d4 cxd4 4. Nxd4 Nf6 5. Nc3 a6 6. Be2 e5 7. Nb3 Be7 8. O-O
O-O 9. Kh1 Qc7 10. g4 $5 {Ein neuer Versuch!} {10. ...} h6 $6 ({Riskant und
etwaß provokativ,zu bevorzugen war} 10... Be6 11. g5 Nfd7 12. Nd5 (12. f4 exf4
13. Bxf4 Nc6) 12... Bxd5 13. exd5 a5 $5 14. a4 Na6 {mit ausreichende
Gegenspiel,Gutman.}) 11. g5 hxg5 12. Bxg5 Be6 13. Rg1 Kh8 14. Rg3 Nh7 15. Bxe7
Qxe7 16. Nd5 $6 (16. Qd2 $5 Nc6 17. Rag1 g6 18. Nd5 Qh4 19. Bg4 {stellte
großere Probleme ,Gutman.}) 16... Bxd5 17. Qxd5 Nc6 18. Rag1 g6 19. Qd2 Rg8 20.
Bc4 Rg7 21. Rh3 Rc8 22. Bd5 Nd8 $1 23. Na5 Rc7 24. Nc4 Ne6 25. Ne3 Nf4 {
Schwarz hat sich konsolidiert,und steht nicht schlechter.} 26. Rh6 Qf8 27. Bb3
Rg8 28. Ng4 Qe7 29. Ne3 Qf8 30. Ng4 Qe7 31. Ne3 1/2-1/2

[Event "Najdorf Memorial 8th"]
[Site "Buenos Aires"]
[Date "1997.05.29"]
[Round "9"]
[White "Wolff, Patrick G"]
[Black "Morovic Fernandez, Ivan"]
[Result "0-1"]
[WhiteElo "2575"]
[BlackElo "2580"]
[Annotator "Gutman,L"]
[PlyCount "80"]
[EventDate "1997.05.19"]
[EventType "tourn"]
[EventRounds "9"]
[EventCountry "ARG"]
[EventCategory "13"]
[SourceTitle "CBM 060"]
[Source "ChessBase"]
[SourceDate "1997.09.29"]
[SourceVersion "1"]
[SourceVersionDate "1997.09.29"]
[SourceQuality "1"]

1. e4 c5 2. Nf3 d6 3. d4 cxd4 4. Nxd4 Nf6 5. Nc3 a6 6. Be2 e5 7. Nb3 Be7 8. O-O
Be6 9. f4 Qc7 {Eine moderne Zugsfolge; Schwarz will noch mit Rochade abwarten.}
10. Nd5 $5 Bxd5 11. exd5 Nbd7 12. c4 O-O 13. Kh1 $5 Rfe8 14. Be3 exf4 15. Bxf4
Bf8 $5 (15... Ne5 {kann Weiß mit} 16. Bxe5 dxe5 17. c5 Bxc5 18. Rc1 b6 19. Nxc5
bxc5 20. b4 Qb7 21. Rxf6 gxf6 22. bxc5 {beantworten, mit mehr als
ausreichender Kompensation für die Qualität, P.Wolff.}) 16. Rc1 Ne5 (16... Qb6
17. Bd3 Ne5 {,Glek-Svidler,Russische Meisterschaft 1995,} 18. h3 $5 Nfd7 19.
Rc2 Nxd3 20. Qxd3 Ne5 21. Bxe5 Rxe5 22. Rcf2 {mit besseren Aussichten für Weiß.
}) 17. Nd4 (17. h3 $5 {kommt in Frage.}) 17... Qb6 18. Rc2 Neg4 (18... Ng6 $5 {
gefällt mir besser.}) 19. Bxg4 (19. h3 Ne3 20. Bxe3 Rxe3 21. Nf5 Re5 22. Nh6+
gxh6 23. Rxf6 Bg7 {bringt Weiß nicht ein,P.Wolff.}) 19... Nxg4 20. Nf5 Ne5 21.
b3 Qd8 22. Re2 (22. Bxe5 $5 Rxe5 23. Rcf2 Qc7 24. Qg4 {versprach Weiß bessere
Aussichten.}) 22... Qd7 23. Be3 $6 (23. Bxe5 $5 {war zu bevorzugen.} dxe5 (
23... Rxe5 24. Rxe5 dxe5 25. Qg4) 24. g4 $5) 23... b5 24. Bd4 bxc4 25. bxc4 g6
26. Ng3 Bg7 27. Ne4 f5 {mit besseren Spiel für Schwarz.} 28. Nd2 (28. Ng5 Nxc4
29. Bxg7 Qxg7 30. Ne6 Qa7 {verspricht keine ausreichende Kompensation.}) 28...
Rac8 29. c5 $6 dxc5 30. Bxe5 Rxe5 31. Rxe5 Bxe5 32. Nc4 Re8 33. Re1 Bd4 34. Nb6
Qd8 35. Rxe8+ Qxe8 36. d6 Qe6 37. Qf1 (37. d7 $2 Qxb6 38. Qb3+ c4) 37... Qxd6
38. Qxa6 Kg7 39. Qb7+ Kh6 40. g3 Qe6 0-1

[Event "EU-chT (Men) 11th"]
[Site "Pula"]
[Date "1997.05.??"]
[Round "8.2"]
[White "Zelcic, Robert"]
[Black "Gallagher, Joseph G"]
[Result "0-1"]
[WhiteElo "2455"]
[BlackElo "2545"]
[Annotator "Gutman,L"]
[PlyCount "96"]
[EventDate "1997.05.05"]
[EventType "team-swiss"]
[EventRounds "9"]
[EventCountry "CRO"]
[SourceTitle "CBM 057 Extra"]
[Source "ChessBase"]
[SourceDate "1997.05.01"]
[SourceVersion "1"]
[SourceVersionDate "1997.05.01"]
[SourceQuality "1"]
[WhiteTeam "Croatia II"]
[BlackTeam "Switzerland"]
[WhiteTeamCountry "CRO"]
[BlackTeamCountry "SUI"]

1. e4 c5 2. Nf3 d6 3. d4 cxd4 4. Nxd4 Nf6 5. Nc3 a6 6. Be2 e5 7. Nb3 Be7 8. O-O
O-O 9. Kh1 Qc7 10. f4 b5 11. a4 b4 12. Nd5 Nxd5 13. exd5 Bb7 $1 ({I)} 13... Nd7
14. Bd2 $1 Rb8 15. c4 bxc3 16. Bxc3 Nf6 17. Rc1 Qb6 18. Na5 Bb7 19. Nc4 Qc5 20.
fxe5 dxe5 21. Nxe5 Qd6 22. Nc6 {mit entscheidenden weißen Vorteil,Oll-Quist,
Antwerpen 1994;}) ({II)} 13... Bf5 14. Bd3 $5 ({nach} 14. c4 bxc3 15. bxc3 Qxc3
{,Nijboer-Van der Sterren,Wijk aan Zee 1997,} 16. Bd2 $5 Qc8 $5 17. Rc1 Qd7 18.
Ba5 f6 $1 19. Rc7 Qe8 {Weiß behielt bestimmte Kompensation für den Bauern,aber
nicht mehr}) 14... e4 (14... Bxd3 15. Qxd3 Nd7 16. Bd2 Rac8 17. Rac1 Qc4 18.
Qxc4 Rxc4 19. Na5 Rd4 20. Bxb4 Rxb4 21. Nc6 Rxb2 22. Nxe7+ Kh8 23. Nf5 {
mit besseren Aussichten für Weiß,Tyomkin}) 15. Be2 Bf6 16. g4 Bd7 17. g5 Be7
18. Bd2 {mit besseren Spiel für Weiß.}) 14. a5 Nd7 15. Bf3 (15. Ra4 Nf6 16.
Rxb4 Bxd5 17. Rb6 Bb7 18. Qd3 Be4 19. Qc4 {, Rapidpartie Lutz-Shirow,Frankfurt
1996,19. ...} Qxc4 $5 20. Bxc4 Bxc2 {mit besseren Aussichten für Weiß}) 15...
Qc4 16. Re1 Nf6 $6 ({Hier könnte Weiß besseren Wahl treffen: I)} 16... Rfe8 $5
17. Re4 Qxd5 18. Rxb4 Qxd1+ 19. Bxd1 Rab8 20. Rc4 {,und Weiß muß für Ausgleich
kämpfen,A.Shirow;}) ({II)} 16... Rfc8 $5 17. Nd4 Bh4 18. Nf5 Bxe1 19. Qxe1 e4
$1 20. Be2 Qxc2 21. Be3 Nf6 22. Bd4 (22. Bd1 Qxb2 23. Bd4 Rc3) 22... e3 23.
Nxd6 Bxd5 24. Bxf6 gxf6 25. Nxc8 Rxc8 {,und Weiß gewann schnell,Jansa-Shirow,
Berlin 1996.}) 17. fxe5 dxe5 18. d6 Bxf3 19. gxf3 Bd8 20. Rxe5 Qc6 21. Rc5 Qb7
22. Bf4 $2 ({Zu beworzugen war} 22. Qd3 $5 {mit klaren weißen Vorteil.}) 22...
Ne4 $1 {Diese überraschende Mögligkeit hat Weiß übersehen.} 23. fxe4 Qxe4+ 24.
Kg1 Qxf4 25. Qd5 Bf6 26. Rf1 Qg4+ 27. Kh1 Rad8 28. Rc6 Rfe8 29. Qg2 Qh4 30. d7
Re4 31. Rcxf6 Rg4 32. Qe2 Re4 33. Qg2 Rg4 34. Qe2 Re4 35. Qd1 $2 gxf6 36. Rg1+
Kh8 37. Nc5 Re5 38. Qd6 Re1 $6 (38... Qf2 $1 {gewann sofort.}) 39. Qg3 Rxg1+
40. Qxg1 Qc4 41. h3 Qd5+ 42. Kh2 Qe5+ 43. Kh1 Qd5+ 44. Kh2 Qd2+ 45. Kh1 Qxc2
46. Qd4 Qf5 47. Kh2 b3 48. Kg2 Rg8+ 0-1

[Event "Tilburg Fontys"]
[Site "Tilburg"]
[Date "1996.10.16"]
[Round "5"]
[White "Lautier, Joel"]
[Black "Gelfand, Boris"]
[Result "1/2-1/2"]
[WhiteElo "2620"]
[BlackElo "2665"]
[Annotator "Gutman,L"]
[PlyCount "71"]
[EventDate "1996.10.11"]
[EventType "tourn"]
[EventRounds "11"]
[EventCountry "NED"]
[EventCategory "16"]
[SourceTitle "CBM 056"]
[Source "ChessBase"]
[SourceDate "1997.02.01"]
[SourceVersion "1"]
[SourceVersionDate "1997.02.01"]
[SourceQuality "1"]

1. e4 c5 2. Nf3 d6 3. d4 cxd4 4. Nxd4 Nf6 5. Nc3 a6 6. Be2 e5 7. Nb3 Be7 8. O-O
O-O 9. Be3 Be6 10. Qd2 Nbd7 11. a4 Rc8 12. a5 Qc7 13. Rfd1 Nc5 14. Nxc5 dxc5
15. Bf3 {Laut A. Karpow ,besitzt Weiß nach 15.Qe1 Rfd8 (15. ...c4,, 16.Nd5!
Bxd5 17.exd5) 16.Rxd8+ Rxd8 17.f3 leichtes Übergewicht.} (15. Qe1 Rfd8 (15...
c4 {Thipsay-Gallagher,Kuala Lumpur 1992,} 16. Nd5 $1 Bxd5 17. exd5) 16. Rxd8+
Rxd8 17. f3 {verschafft Weiß laut A. Karpow leichten Vorteil.}) 15... Rfd8 16.
Qe1 Rxd1 17. Qxd1 c4 18. Bb6 Qd6 19. Qe1 Qb4 20. Qb1 {Weiß steht bereits etwas
schlechter.} h6 21. h3 Qd6 22. Be3 Qc6 23. Ra4 Rd8 24. Qe1 Rd7 25. Bb6 Bc5 (
25... Bd8 $142 26. Be3 Nh7 27. Z0 $140 Bg5) 26. Bxc5 Qxc5 27. Nd5 {Diese
Möglichkeit hat Gelfand unterschätzt.} Bxd5 28. exd5 e4 29. Be2 c3 30. Qxc3
Qxc3 31. bxc3 Rxd5 32. Rb4 Rxa5 33. Rxb7 Ra1+ 34. Kh2 Ra2 35. Bc4 Rxc2 36. Rxf7
1/2-1/2

[Event "VAM Hoogeveen"]
[Site "Hoogeveen"]
[Date "1997.10.11"]
[Round "1"]
[White "Sutovsky, Emil"]
[Black "Van Wely, Loek"]
[Result "1-0"]
[WhiteElo "2590"]
[BlackElo "2655"]
[Annotator "Hansen,Cu"]
[PlyCount "85"]
[EventDate "1997.10.11"]
[EventType "tourn"]
[EventRounds "6"]
[EventCountry "NED"]
[EventCategory "14"]
[SourceTitle "CBM 062"]
[Source "ChessBase"]
[SourceDate "1998.01.31"]
[SourceVersion "1"]
[SourceVersionDate "1998.01.31"]
[SourceQuality "1"]

1. e4 c5 2. Nf3 d6 3. d4 cxd4 4. Nxd4 Nf6 5. Nc3 a6 6. Be2 e5 7. Nb3 Be7 8. O-O
O-O 9. Kh1 Qc7 10. g4 {At the moment this move seems to be more popular than
10. f4} Be6 11. g5 Nfd7 12. Nd5 Bxd5 13. exd5 Nc5 14. Nxc5 (14. f4 exf4 15.
Bxf4 Nbd7 16. Nd4 g6 17. c4 Ne5 18. Qc2 Rfe8 19. b4 $14 {Bellin,R-Baburin,A/
Iona Tech Masters Kilkenny IRL (03) 1997 (29)}) 14... Qxc5 15. Be3 Qc7 16. a3
Nd7 17. c4 {Even though white has played his g-P to g5 he is going to play on
the Q-side. It is there he has his P-majority, which is often the most
important element in sicilian positions where white has played the manouvre
Nc3-d5(N/Bxd5) e4xd5.} a5 18. b4 Rfc8 {Black rather passively tries to stop
the white Ps from advancing on the Q-side. However he is in reality a P down
on that wing so that is difficult to achieve.} (18... f5 $5) 19. Bg4 $16 {^^}
Rd8 20. Qb3 Ra6 21. Rfc1 axb4 22. axb4 Rda8 23. Rxa6 Rxa6 24. c5 $1 {The
standard breakthrough} Ra8 (24... dxc5 25. bxc5 Nxc5 26. Bxc5 Bxc5 27. Qb5 $18)
25. Qc4 Nf8 26. Qb5 {[%cal Yc5c6] /\c5-c6} Bd8 27. Qe8 Rb8 28. Qa4 h6 29. h4
hxg5 30. hxg5 Qe7 31. Qa7 Bc7 32. c6 b5 33. Bf5 g6 34. Bh3 Nh7 35. Bd7 Qd8 36.
Ra1 Kg7 37. f4 $1 {Blacks mobility has been restricted considerably so white
opens a second front on the K-side. He will be able to transfer his forces
quickly to that side of the board whereas black will have to keep an eye on
the P-c6.} exf4 38. Qd4+ Kg8 39. Qxf4 Ra8 40. Re1 Nf8 41. Bd4 Nxd7 42. cxd7
Qxd7 43. Qh4 1-0

[Event "Penta Media GM"]
[Site "Kelamabakkam"]
[Date "2000.08.23"]
[Round "9"]
[White "Iuldachev, Saidali"]
[Black "Ghaem Maghami, Ehsan"]
[Result "1-0"]
[WhiteElo "2515"]
[BlackElo "2488"]
[Annotator "Hecht,H"]
[PlyCount "119"]
[EventDate "2000.08.14"]
[EventType "tourn"]
[EventRounds "12"]
[EventCountry "IND"]
[EventCategory "11"]
[SourceTitle "CBM 079"]
[Source "ChessBase"]
[SourceDate "2000.11.21"]
[SourceVersion "1"]
[SourceVersionDate "2000.11.21"]
[SourceQuality "1"]

1. e4 c5 2. Nf3 d6 3. d4 cxd4 4. Nxd4 Nf6 5. Nc3 a6 6. Be2 e5 7. Nb3 Be7 8. O-O
O-O 9. Kh1 b6 10. a4 Bb7 11. Bf3 Nbd7 12. Be3 Rc8 13. Qe2 Rc7 14. Rad1 Qa8 15.
Bc1 Rfc8 16. Rfe1 Bf8 17. Kg1 Rc4 18. g3 d5 19. Nd2 Rd4 20. exd5 Bb4 21. Nde4
Nxe4 22. Bxe4 g6 23. Bd2 Re8 24. Bg2 Qc8 25. h4 Qc4 26. Qxc4 Rxc4 27. Ne4 Bf8
28. Bc3 Rxa4 29. d6 Rb8 30. Ng5 Bxg2 31. Kxg2 Rc4 32. Re2 b5 33. Ba5 Re8 34.
Bc7 f5 35. Nf3 h6 36. b3 Rc3 37. Rd3 Rxd3 38. cxd3 Kf7 39. Ra2 Ra8 40. d4 e4
41. Ne5+ Ke6 42. Rc2 a5 43. f4 exf3+ 44. Kxf3 Nxe5+ 45. dxe5 a4 (45... Bg7 $5
46. Rd2 Bxe5 47. Re2 Kd5 48. Rxe5+ Kxe5 49. d7+ Ke6 50. d8=Q Rxd8 51. Bxd8 a4
52. Ba5 axb3 53. Bc3 Kd5 $44) 46. bxa4 bxa4 47. Bb6 $1 a3 (47... Kxe5 48. d7
Be7 49. Rc8 Ra6 50. Re8 Kd6 51. Rxe7 $18) 48. Bd4 a2 49. Ba1 g5 50. h5 {
sperrt den schwarzen Läufer in einen engen Käfig.} Ra3+ (50... Bg7 $142 51. Rc7
Bf8 52. Ke2 g4 53. Kd2 Kd5) 51. Kf2 Ra8 52. Rc7 g4 53. Ke2 Kd5 54. Rf7 Rb8 $2 (
54... Ke4 $5 55. d7 $140 Kd5) 55. Ra7 Ke6 56. Rxa2 Rb7 57. Ra8 Bg7 58. Re8+ Kf7
59. Rc8 Ke6 60. Rc7 1-0

[Event "WchT 4th"]
[Site "Luzern"]
[Date "1997.10.25"]
[Round "1.3"]
[White "Palac, Mladen"]
[Black "Sadler, Matthew D"]
[Result "0-1"]
[WhiteElo "2575"]
[BlackElo "2665"]
[Annotator "Hecht,H"]
[PlyCount "132"]
[EventDate "1997.10.25"]
[EventType "team-tourn"]
[EventRounds "9"]
[EventCountry "SUI"]
[SourceTitle "CBM 062"]
[Source "ChessBase"]
[SourceDate "1998.01.31"]
[SourceVersion "1"]
[SourceVersionDate "1998.01.31"]
[SourceQuality "1"]
[WhiteTeam "Croatia"]
[BlackTeam "England"]
[WhiteTeamCountry "CRO"]
[BlackTeamCountry "ENG"]

1. e4 c5 2. Nf3 d6 3. d4 cxd4 4. Nxd4 Nf6 5. Nc3 a6 6. Be2 e5 7. Nb3 Be7 8. O-O
Be6 9. f4 Qc7 10. a4 Nbd7 11. Kh1 O-O 12. f5 Bc4 13. Bg5 Rac8 14. Bxc4 Qxc4 15.
a5 h6 16. Bxf6 Nxf6 17. Qf3 d5 18. exd5 e4 19. Qg3 Rfd8 20. Rfe1 Bb4 21. Nd2
Qc7 22. Ndxe4 Nxe4 23. Rxe4 Bxc3 24. Qxc3 Qxc3 25. bxc3 Rxd5 26. f6 Rxc3 27.
Re8+ Kh7 28. Re7 gxf6 29. Rxb7 Rxc2 30. h3 Rg5 31. Rb6 Rgxg2 32. Rxf6 Rh2+ 33.
Kg1 Rcg2+ 34. Kf1 Rg6 35. Rxg6 Kxg6 36. Kg1 Rxh3 37. Rb1 Re3 38. Rb6+ Re6 39.
Kf2 Kf6 40. Kg3 Kg5 41. Kf3 Kf5 42. Kg3 Kg5 43. Kf3 Rg6 44. Kg3 Rf6 45. Kh3 Kf5
46. Kh4 Ke5 47. Rb7 Kd4 48. Kh5 Kc4 49. Rb6 Rg6 50. Rb7 Rg5+ 51. Kxh6 Rxa5 52.
Rxf7 {[#] Laut Endspiel-CD Gewinn für Schwarz in längstens 20 Zügen beginnend
mit Tc5/d5/e5, also horizontaler Sperre des weißen Königs. Genau das tut
Schwarz und gewinnt auch sicher. Der Endspielverlauf spricht für sich und
bedarf keiner Kommentierung.} Rc5 $1 53. Rg7 a5 54. Kg6 Kb4 55. Rb7+ Rb5 56.
Rh7 a4 57. Rh4+ Ka5 58. Rh3 Rc5 59. Kf6 Kb4 60. Rh4+ Kb3 61. Rh3+ Kb2 62. Rh8
a3 63. Rb8+ Ka1 64. Ke6 a2 65. Kd6 Rc1 66. Ke5 Rb1 0-1

[Event "CUB-ch"]
[Site "Las Tunas"]
[Date "2001.04.13"]
[Round "11"]
[White "Herrera, Irisberto"]
[Black "Dominguez Perez, Leinier"]
[Result "0-1"]
[WhiteElo "2432"]
[BlackElo "2556"]
[Annotator "Hecht,H"]
[PlyCount "114"]
[EventDate "2001.04.01"]
[EventType "tourn"]
[EventRounds "16"]
[EventCountry "CUB"]
[EventCategory "9"]
[SourceTitle "CBM 083"]
[Source "ChessBase"]
[SourceDate "2001.07.05"]
[SourceVersion "1"]
[SourceVersionDate "2001.07.05"]
[SourceQuality "1"]

1. e4 c5 2. Nf3 d6 3. d4 cxd4 4. Nxd4 Nf6 5. Nc3 a6 6. Be2 e5 7. Nb3 Be7 8. O-O
O-O 9. Kh1 b6 10. f3 Bb7 11. a4 Nc6 12. Bg5 Nb4 13. Nb1 Nh5 14. Bxe7 Qxe7 15.
c3 Nc6 16. N1d2 Rad8 17. Nc4 Qc7 18. Ne3 Nf4 19. c4 Ne7 20. Rc1 f5 21. Nd5
Nexd5 22. exd5 a5 23. g3 Nxe2 24. Qxe2 Rde8 25. Nd2 Bc8 26. b3 Bd7 27. Qd3 Qc5
28. Rce1 Re7 29. Nb1 Be8 30. Nc3 Bg6 31. Qe3 f4 32. Qxc5 bxc5 33. Nb5 Rd7 34.
Rf2 Rf6 35. g4 h6 36. Kg2 Bh7 37. Rb2 g5 38. Kf2 h5 39. Rg1 hxg4 40. Rxg4 Rg7
41. h4 gxh4 42. Rxh4 Rg3 43. Nc3 Bd3 44. Rd2 Bf5 45. Rh2 Rfg6 46. Rd1 Rxf3+ 47.
Kxf3 Rg3+ 48. Kf2 Rxc3 {[#] verbundene schwarze Freibauern - Mattnetz. Taktik.}
49. Rh6 Kf7 50. Rxd6 e4 51. Re1 (51. Ra6 Rh3 52. Rf1 e3+ 53. Kg2 (53. Ke2 Bg4+
54. Ke1 f3 $19) 53... Rg3+ (53... Rh4 $2 54. Kf3 Bg4+ (54... Bc2 55. Rxa5 Bxb3
(55... Kf6 56. Rxc5 Ke5 57. d6+ $18) 56. Rxc5 Bxa4 57. Ra1 Bc2 58. Rc6 $18) 55.
Kxf4 Be2+ 56. Kg5+ Bxf1 57. Kxh4 e2 58. Re6 $18) 54. Kh2 Rg4 $19 {[%cal Rf5e4,
Re3e2]} (54... Rh3+ $11)) 51... Rh3 52. Rf1 e3+ 53. Kg2 Rg3+ 54. Kh2 Rg4 55.
Re1 (55. Rh6 e2 56. Re1 f3 $19) 55... Rh4+ 56. Kg1 Be4 57. Kf1 Bf3 0-1

[Event "Lvov Cup of Galychina"]
[Site "Lvov"]
[Date "2001.12.23"]
[Round "6"]
[White "Kazakov, Mikhail"]
[Black "Maksimenko, Andrei"]
[Result "0-1"]
[WhiteElo "2473"]
[BlackElo "2495"]
[Annotator "Hecht,H"]
[PlyCount "80"]
[EventDate "2001.12.18"]
[EventType "tourn"]
[EventRounds "11"]
[EventCountry "UKR"]
[EventCategory "11"]
[SourceTitle "CBM 087"]
[Source "ChessBase"]
[SourceDate "2002.03.21"]
[SourceVersion "1"]
[SourceVersionDate "2002.03.21"]
[SourceQuality "1"]

1. e4 c5 2. Nf3 d6 3. d4 cxd4 4. Nxd4 Nf6 5. Nc3 a6 6. Be3 Ng4 7. Bc1 Nf6 8.
Be2 e5 9. Nb3 Be7 10. O-O O-O 11. Be3 Nc6 12. Bf3 b5 13. Qd2 b4 14. Nd5 a5 15.
a3 Ba6 16. Rfd1 a4 17. Nc1 Nxd5 18. exd5 Na5 19. axb4 Nc4 20. Qc3 Rc8 21. Be2
f5 22. Bc5 dxc5 23. b5 Bxb5 24. Bxc4 Bxc4 25. Qxc4 Bd6 26. Rxa4 e4 27. Ne2 Rb8
28. b3 Re8 29. Ng3 Qf6 30. Re1 g6 31. Ra6 Rb4 32. Qxc5 Bxc5 33. Rxf6 Rd8 34.
Rd1 Rd4 35. Rxd4 Bxd4 {[#] Unerwartetes Mattfinale} 36. Ra6 Rxd5 37. Kf1 (37.
c4 $142 Rd8 38. b4) 37... Bc3 $1 {Droht matt in zwei Zügen.} 38. f3 Rd1+ 39.
Ke2 $4 (39. Kf2 Rd2+ 40. Ke3 exf3 41. gxf3 Rxc2 (41... Rxh2 42. Ne2 Be1 $13)
42. Kd3 Rc1 43. Rc6 Bd2 44. Rxc1 Bxc1 45. b4 Kf7 $11) 39... Re1+ 40. Kf2 e3#
0-1

[Event "American Continental 2nd"]
[Site "Buenos Aires"]
[Date "2003.08.25"]
[Round "7"]
[White "Milos, Gilberto"]
[Black "Lafuente, Pablo"]
[Result "1-0"]
[WhiteElo "2592"]
[BlackElo "2431"]
[Annotator "Hecht,H"]
[PlyCount "103"]
[EventDate "2003.08.17"]
[EventType "swiss"]
[EventRounds "11"]
[EventCountry "ARG"]
[SourceTitle "CBM 097"]
[Source "ChessBase"]
[SourceDate "2003.11.11"]
[SourceVersion "1"]
[SourceVersionDate "2003.11.11"]
[SourceQuality "1"]

1. e4 c5 2. Nf3 d6 3. d4 cxd4 4. Nxd4 Nf6 5. Nc3 a6 6. Be2 e5 7. Nb3 Be7 8. Be3
Be6 9. Nd5 Nxd5 10. exd5 Bf5 11. Qd2 O-O 12. O-O Bg6 13. a4 a5 14. Bb5 Nd7 15.
Rad1 Rc8 16. c3 Qc7 17. Nxa5 Nc5 18. Bxc5 Qxc5 19. b4 Qc7 20. c4 Rcd8 21. Qe3
Ra8 22. Rfe1 h6 23. f3 Bc2 24. Ra1 Rxa5 25. bxa5 Qxa5 26. Kh1 Rc8 27. Qf2 Bf5
28. f4 e4 29. Qe2 Bh4 30. g3 Bf6 31. Rad1 Bc3 32. Rg1 e3 33. Qxe3 Bc2 34. Rdf1
Bd2 35. Qe2 Qc3 36. Rg2 Bd3 37. Qxd2 Qxd2 38. Rxd2 Bxf1 {[#] The active king. 
[#]Der aktive König.} 39. Kg1 Bh3 40. Re2 Kf8 41. Kf2 h5 42. Ke3 f6 43. Kd4 Kf7
44. Kc3 h4 45. Kb4 hxg3 46. hxg3 Rc5 (46... b6 47. Bc6 $18 {[%csl Rb6][%cal
Rb4b5,Rb5a6]}) 47. Rh2 Bc8 48. Ka5 g5 49. fxg5 fxg5 50. Kb6 Kg6 51. Rh8 Kf5 52.
Rxc8 $1 (52. Rxc8 Rxc8 53. Kxb7) 1-0